|
|
|
|
| LEADER |
00000nam a2200000Ii 4500 |
| 001 |
DIGDEU1728 |
| 003 |
NyNyDIG |
| 006 |
m o d |
| 007 |
cr ||||||||||| |
| 008 |
130501s1996 sp a ob 001 0dspa d |
| 020 |
|
|
|a 9788498308365
|q (eBook)
|
| 020 |
|
|
|z 8474854520
|
| 020 |
|
|
|z 9788474854527
|
| 035 |
|
|
|a (OCoLC)888264282
|
| 040 |
|
|
|a DGITA
|b eng
|e pn
|c DGITA
|
| 041 |
1 |
|
|a spalat
|h lat
|
| 050 |
1 |
4 |
|a PA8570.S257 eBook
|
| 100 |
1 |
|
|a Sánchez, Francisco,
|d ca. 1550-ca. 1623.
|
| 240 |
1 |
0 |
|a Carmen de cometa anni M.D.LXXVII.
|l Spanish & Latin
|
| 245 |
1 |
3 |
|a La canción del Cometa de 1577 /
|c Joaquín Iriarte ; edición preparada por Juan de Churruca.
|
| 264 |
|
1 |
|a Bilbao :
|b Universidad de Deusto,
|c 1996.
|
| 300 |
|
|
|a 1 online resource (250 pages) :
|b ill.
|
| 336 |
|
|
|a text
|b txt
|2 rdacontent
|
| 337 |
|
|
|a computer
|b c
|2 rdamedia
|
| 338 |
|
|
|a online resource
|b cr
|2 rdacarrier
|
| 490 |
1 |
|
|a Serie Letras ;
|v 28.
|
| 500 |
|
|
|a "Un médico renaciente, Francisco Sánchez, en lucha con la astrología, Una página de la física aristotélica que se desploma con estrépito, Una página de las Cortes de Madrid"
|
| 504 |
|
|
|a Includes bibliographical references (p. 29-42, p. 219-245) and index.
|
| 546 |
|
|
|a Text of poem in Latin with Spanish translation.
|
| 650 |
|
0 |
|a Comets
|y 1577
|x Poetry.
|
| 650 |
|
0 |
|a Comets
|v Early works to 1800.
|
| 650 |
|
0 |
|a Comets
|v Early works to 1800
|x Bibliography.
|
| 650 |
|
0 |
|a Astronomy
|x History.
|
| 655 |
|
0 |
|a Electronic books.
|
| 700 |
1 |
|
|a Iriarte, Joaquín,
|d 1894-1970.
|
| 700 |
1 |
|
|a Churruca, Juan de.
|
| 791 |
2 |
|
|a Digitalia (Firm),
|e distributor.
|
| 830 |
|
0 |
|a Serie Letras (Bilbao, Spain) ;
|v 28.
|
| 793 |
0 |
|
|g Digitalia eBook Collection:
|a Universidad de Deusto.
|
| 856 |
4 |
0 |
|3 Digitalia Hispánica
|u https://www.digitaliapublishing.com/a/15187/
|
| 910 |
|
|
|a Premium Collection: 2007-2012
|